[Event "September Lviv Tradition (IM-group)"]
[Site "Lviv"]
[Date "2015.10.03"]
[Round "10.4"]
[White "Tarleva, Vira"]
[Black "Hagesather, Ellen"]
[Result "1/2-1/2"]
[WhiteElo "2107"]
[BlackElo "2192"]
[PlyCount "139"]
[EventDate "2015.09.28"]

1. e4 d6 2. d4 Nf6 3. Nc3 g6 4. Be3 c6 5. h4 b5 6. f3 Nbd7 7. Qd2 Qa5 8. a3 Bb7
9. O-O-O Nb6 10. g4 h5 11. gxh5 Nxh5 12. Qe1 Nc4 13. Bxc4 bxc4 14. Nge2 Bg7 15.
Nf4 Nxf4 16. Bxf4 Bc8 17. Qe2 Qb6 18. Qxc4 Ba6 19. Qb4 Qxb4 20. axb4 Rb8 21. e5
dxe5 22. Bxe5 Bxe5 23. dxe5 Rxb4 24. Rd2 Rhxh4 25. Rhd1 Rb8 26. Rd7 Rh1 27.
Rxa7 Rxd1+ 28. Kxd1 Bc8 29. b3 Bf5 30. Kc1 Kd8 31. Ne2 Rb4 32. Kd2 Bd7 33. Nc3
Rf4 34. Ke3 Rf5 35. Ke4 c5 36. Kd5 Rxf3 37. Ne4 Rf1 38. Nxc5 Rd1+ 39. Nd3 Bf5
40. Kc4 f6 41. Nb4 Ke8 42. Nd5 fxe5 43. Rxe7+ Kd8 44. Rxe5 Bxc2 45. b4 Ba4 46.
Rg5 Rc1+ 47. Kd4 Bc6 48. Nc3 Be8 49. b5 Kc7 50. Re5 Bxb5 51. Nxb5+ Kc6 52. Nc3
Rc2 53. Re6+ Kd7 54. Rxg6 Rh2 55. Ne4 Ke7 56. Kd5 Kf7 57. Rf6+ Ke7 58. Re6+ Kf7
59. Ng5+ Kg7 60. Ke5 Re2+ 61. Ne4 Re1 62. Kd6 Rd1+ 63. Ke7 Ra1 64. Nc5 Rf1 65.
Nd7 Rf7+ 66. Ke8 Rf1 67. Re5 Kg6 68. Nf8+ Kf6 69. Re7 Ra1 70. Rf7+ $11 1/2-1/2

[Event "September Lviv Tradition (IM-group)"]
[Site "Lviv"]
[Date "2015.10.03"]
[Round "10.5"]
[White "Walter, Szymon"]
[Black "Vasina, Olena"]
[Result "0-1"]
[WhiteElo "2214"]
[BlackElo "2072"]
[PlyCount "80"]
[EventDate "2015.09.28"]

1. e4 c5 2. Nf3 e6 3. d4 cxd4 4. Nxd4 a6 5. Nc3 b5 6. Bd3 Qb6 7. Nb3 Qc7 8. Qe2
Bb7 9. O-O Be7 10. a4 b4 11. Na2 Nc6 12. Bd2 Nf6 13. f4 h5 14. Rae1 h4 15. e5
Nd5 16. Be4 Qb6+ 17. Kh1 h3 18. g3 Na5 19. Nxa5 Qxa5 20. b3 Rc8 21. Qf3 Qb6 22.
Be3 Nxe3 23. Bxb7 Nxf1 24. Bxc8 O-O 25. Rxf1 Rxc8 26. Rf2 Qd4 27. Nc1 Rc3 28.
Nd3 Bc5 29. Rf1 Rxc2 30. Nxc5 Qxc5 31. Qa8+ Qc8 32. Qxc8+ Rxc8 33. Kg1 Rc3 34.
Rb1 a5 35. Rb2 Kh7 36. Kf2 Kg6 37. g4 f5 38. exf6 Kxf6 39. Rd2 d5 40. f5 Rxb3
0-1

[Event "September Lviv Tradition (IM-group)"]
[Site "Lviv"]
[Date "2015.10.03"]
[Round "10.6"]
[White "Bondarets, Vadim"]
[Black "Anwesh, Upadhyaya"]
[Result "0-1"]
[WhiteElo "2289"]
[BlackElo "2412"]
[PlyCount "94"]
[EventDate "2015.09.28"]

1. Nf3 d5 2. g3 g6 3. Bg2 Bg7 4. O-O c5 5. d3 Nc6 6. Nc3 Nf6 7. e4 O-O 8. Bg5
d4 9. Ne2 h6 10. Bd2 e5 11. Ne1 Be6 12. h3 Qd7 13. Kh2 Ne8 14. f4 Nd6 15. fxe5
Nxe5 16. Nf4 Rae8 17. Nf3 Kh7 18. Nxe5 Bxe5 19. Nxe6 Qxe6 20. Qg4 Qxg4 21. hxg4
Kg7 22. Bf3 Re7 23. c4 dxc3 24. bxc3 Rd8 25. Rac1 Nc4 26. Be1 Nb2 27. d4 cxd4
28. cxd4 Rxd4 29. Bc3 Rdd7 30. Bb4 Nd3 31. Bxe7 Nxc1 32. Bc5 Nxa2 33. Bxa7 b5
34. Bc5 Rc7 35. Bb6 Rb7 36. Be3 Nc3 37. Bd1 Nxd1 38. Rxd1 b4 39. Bf4 Bxf4 40.
gxf4 b3 41. Rb1 b2 42. Kg3 Kf6 43. Kf3 g5 44. fxg5+ hxg5 45. Ke3 Ke5 46. Kd3
Kf4 47. Kc3 Kxe4 0-1

[Event "September Lviv Tradition (IM-group)"]
[Site "Lviv"]
[Date "2015.10.04"]
[Round "11.2"]
[White "Vasina, Olena"]
[Black "Bondarets, Vadim"]
[Result "0-1"]
[WhiteElo "2072"]
[BlackElo "2289"]
[PlyCount "110"]
[EventDate "2015.09.28"]

1. e4 d6 2. d4 Nf6 3. Nc3 g6 4. Bg5 Bg7 5. Qd2 h6 6. Bh4 g5 7. Bg3 Nh5 8. Be2
Nxg3 9. hxg3 Nd7 10. O-O-O c5 11. dxc5 Nxc5 12. Bb5+ Bd7 13. Bxd7+ Qxd7 14. f4
Qc6 15. Nf3 Nxe4 16. Nxe4 Qxe4 17. Rhe1 Qc6 18. Qxd6 Qxd6 19. Rxd6 Rd8 20.
Rxd8+ Kxd8 21. c3 Bf6 22. Re2 e6 23. Kd2 Ke7 24. Ke3 Rc8 25. Rd2 a6 26. Nd4 Rg8
27. Kf3 h5 28. Ne2 h4 29. gxh4 gxf4 30. Nxf4 Bxh4 31. g4 Bf6 32. Rg2 b5 33. Ke4
Rg5 34. Kd3 Be5 35. Nh3 Rg8 36. g5 Kd6 37. Nf2 f5 38. b3 Rh8 39. a4 bxa4 40.
bxa4 Bg7 41. a5 e5 42. Nd1 e4+ 43. Kc4 Rc8+ 44. Kb4 f4 45. Rd2+ Ke5 46. c4 e3
47. Rd5+ Ke4 48. Rd7 e2 49. Nf2+ Ke3 50. Nd3 Rb8+ 51. Kc5 Bd4+ 52. Rxd4 Rc8+
53. Kd5 Rd8+ 54. Kc5 Rxd4 55. Ne1 Rd1 0-1

[Event "September Lviv Tradition (IM-group)"]
[Site "Lviv"]
[Date "2015.10.04"]
[Round "11.3"]
[White "Hagesather, Ellen"]
[Black "Walter, Szymon"]
[Result "1/2-1/2"]
[WhiteElo "2192"]
[BlackElo "2214"]
[PlyCount "61"]
[EventDate "2015.09.28"]

1. e4 c5 2. Nf3 g6 3. d4 cxd4 4. Qxd4 Nf6 5. e5 Nc6 6. Qa4 Nd5 7. Qe4 Nc7 8.
Nc3 Bg7 9. Bc4 O-O 10. O-O Rb8 11. a4 a6 12. Re1 b5 13. axb5 axb5 14. Bb3 b4
15. Nd5 Bb7 16. Qh4 Nxd5 17. Bxd5 e6 18. Qxd8 Rfxd8 19. Bc4 f6 20. exf6 Bxf6
21. Bg5 Bxb2 22. Rad1 d5 23. Bxd8 dxc4 24. Bc7 Re8 25. Ne5 Bc3 26. Nxc4 Bxe1
27. Rxe1 Nd4 28. Ne3 Rc8 29. Bd6 Nxc2 30. Nxc2 Rxc2 31. Bxb4 1/2-1/2

[Event "September Lviv Tradition (IM-group)"]
[Site "Lviv"]
[Date "2015.10.04"]
[Round "11.5"]
[White "Shkuran, Daniil"]
[Black "Naboka, Sergey"]
[Result "1-0"]
[WhiteElo "2433"]
[BlackElo "2237"]
[PlyCount "59"]
[EventDate "2015.09.28"]

1. e4 e6 2. d3 d5 3. Nd2 Nf6 4. Ngf3 c5 5. g3 Nc6 6. Bg2 g6 7. O-O Bg7 8. Re1
O-O 9. c3 Re8 10. e5 Nd7 11. d4 f6 12. exf6 Qxf6 13. c4 Rf8 14. cxd5 exd5 15.
dxc5 Nxc5 16. Nb3 Nxb3 17. Qxb3 Bg4 18. Bf4 Kh8 19. Qxb7 Bxf3 20. Bxf3 Nd4 21.
Bxd5 g5 22. Qxg7+ Kxg7 23. Be5 Rab8 24. Rad1 Nc2 25. Bxf6+ Kxf6 26. Re6+ Kf5
27. Re2 Nb4 28. Be4+ Kf6 29. a3 Na6 30. Rd6+ 1-0

[Event "September Lviv Tradition (IM-group)"]
[Site "Lviv"]
[Date "2015.10.04"]
[Round "11.6"]
[White "Andersen, Alf R"]
[Black "Lizak, Jakub"]
[Result "0-1"]
[WhiteElo "2178"]
[BlackElo "2113"]
[PlyCount "76"]
[EventDate "2015.09.28"]

1. e4 c5 2. f4 d5 3. exd5 Nf6 4. b3 Nxd5 5. Bb2 Nc6 6. Bb5 Bd7 7. Na3 Nxf4 8.
Qf3 e5 9. O-O-O f6 10. Re1 Ne6 11. Qg3 Ncd4 12. Bd3 Qc7 13. c3 Nc6 14. Bxh7
O-O-O 15. Bc2 Na5 16. Nf3 g5 17. Qf2 b5 18. Kb1 Rg8 19. Bf5 Nf4 20. Bc2 b4 21.
Nc4 Nxc4 22. bxc4 Be6 23. g3 Nd3 24. Bxd3 Rxd3 25. Rc1 Be7 26. Qe2 Rgd8 27. Rc2
Qb7 28. Nd4 cxd4 29. Qxd3 dxc3 30. Qf1 cxd2 31. Qd1 Qxh1 32. Qxh1 d1=Q+ 33. Rc1
Qxh1 34. Rxh1 g4 35. Re1 Kb7 36. Bxe5 fxe5 37. Rxe5 Rd6 38. c5 Rc6 0-1